000
00339nam a2200121Ia 4500
008
160523s9999 xx 000 0 und d
100
_a
Gronkjaer, Preben.
245
_a
Jung's Typology in Work Processes
245
_c
Preben Grønkjær.
260
_c
2016
650
_x
Psychology.
856
_u
http://www.smashwords.com/books/view/631441
999
_c
294772
_d
294772